01373nam a22002537a 450000500170000000800410001702000180005804000070007604100080008308200210009110000130011224500570012525000060018226000380018830000290022636500120025552007440026765000160101165000190102765000160104665000240106265000180108670000150110420230622124745.0230622b ||||| |||| 00| 0 eng d a9788125039525 cAL aeng 223a820.09bDEVI aG N Devy aIndian Literay criticism:bTheory and Interpretation a2 aHyderabadbOrient Blackswanc2010 axxii,430p.bPBc22x14cm. 2English aIndian Literary Criticism: Theory and Interpretation is a collection of essays by various scholars; the book traces out the Indian tradition of literary criticism. Students of Indian literature need to have access to India s critical tradition. This volume provides teachers, students, and scholars-in-the-making access to some of the key concepts and ideas in the Indian tradition of literary theory. It contains essays from Abhinavagupta, Dandin, Kuntaka, Jnanesvara, Khusrau, Ghalib, Tagore, Aurobindo as well as contemporary critics like Mardhekar, Matilal, Krishnamoorthy and Patankar. In doing so it brings together in one volume some of the most significant literary thinkers in the Indian tradition of the last two thousand years.  aBharatamuni aAnandavardhana aAmir Khusra aRabindranath Tagore aA K Ramanujan aDEVY (G N)